000 00731nam a2200229Ii 4500
003 JO-AjNU
008 230605s9999||||xx |||||||||||||| ||und||
017 _a2005/6352
020 _a9959-818-55-1
040 _aJO-AjNU
_bara
_erda
_cJO-AjNU
041 _aara
050 1 4 _aRC845.2005
100 3 _aالتواتي ، عادل ابراهيم/ عبد الناصر يوسف الزوكى,
_eauthor
_97109
245 0 0 _aالتهاب الكبد الفيروسي الجيمي
250 _aط1
264 3 1 _aليبيا:المكتب الوطني ، 2005
300 _a162ص
336 _atext
_btxt
_2rdacontent
337 _aunmediated
_bn
_2rdamedia
338 _avolume
_bnc
_2rdacarrier
650 4 _aالتهاب الكبد
_97110
999 _aA112
_c3680
_d3680